Normal view MARC view
  • Biblia

Entry Uniform Title

Number of records used in: 3

001 - CONTROL NUMBER

  • control field: 57643

003 - CONTROL NUMBER IDENTIFIER

  • control field:

005 - DATE AND TIME OF LATEST TRANSACTION

  • control field: 20190321102252.0

008 - FIXED-LENGTH DATA ELEMENTS

  • fixed length control field: 190321|| aca||aabn | a|a d

040 ## - CATALOGING SOURCE

  • Original cataloging agency:
  • Transcribing agency:

130 ## - HEADING--UNIFORM TITLE

  • Uniform title: Biblia

670 ## - SOURCE DATA FOUND

  • Source citation: Work cat.: ()0: 17511 Colson, Jean autore aut 1913-, Paolo apostolo martire /, 1974.
CREDITS: SOCIETA' SAN PAOLO Via A.Severo, 58 - ROMA (RM) & PERIODICI SAN PAOLO SRL Via Giotto, 36 MILANO & CISF Via Giotto, 36 MILANO & EDIZIONI SAN PAOLO SRL,  Piazza Soncino, 5 CINISELLO BALSAMO (MI) -- ITALY